Introduction to management science . (Record no. 346213)

000 -LEADER
fixed length control field 01061 a2200265 4500
003 - CONTROL NUMBER IDENTIFIER
control field OSt
005 - DATE AND TIME OF LATEST TRANSACTION
control field 20251220192545.0
008 - FIXED-LENGTH DATA ELEMENTS--GENERAL INFORMATION
fixed length control field 170703b xxu||||| |||| 00| 0 eng d
020 ## - INTERNATIONAL STANDARD BOOK NUMBER
International Standard Book Number 0139181032
020 ## - INTERNATIONAL STANDARD BOOK NUMBER
International Standard Book Number 9780139181030
040 ## - CATALOGING SOURCE
Transcribing agency 0
082 04 - DEWEY DECIMAL CLASSIFICATION NUMBER
Classification number 658 TAY 1999
100 1# - MAIN ENTRY--PERSONAL NAME
Personal name Taylor, Bernard W.
9 (RLIN) 132514
245 10 - TITLE STATEMENT
Title Introduction to management science .
Statement of responsibility, etc. Bernard W. Taylor.
250 ## - EDITION STATEMENT
Edition statement 6 Sub ed.
260 ## - PUBLICATION, DISTRIBUTION, ETC.
Place of publication, distribution, etc. [S.l.] :
Name of publisher, distributor, etc. Prentice Hall,
Date of publication, distribution, etc. 1999.
300 ## - PHYSICAL DESCRIPTION
Extent 880 p. ;
Dimensions 26 cm.
490 1# - SERIES STATEMENT
Series statement 6th edition.
500 ## - GENERAL NOTE
General note Hardcover.
520 ## - SUMMARY, ETC.
Summary, etc. Presents management science techniques and applications in a clear, accessible manner reflecting a clear split between deterministic and probabilistic topics plus optional spreadsheet solutions. CD-ROM included. DLC: Management science.
830 #0 - SERIES ADDED ENTRY--UNIFORM TITLE
Uniform title 6th edition.
9 (RLIN) 132515
856 40 - ELECTRONIC LOCATION AND ACCESS
Materials specified Amazon.com
Uniform Resource Identifier <a href="http://www.amazon.com/exec/obidos/ASIN/0139181032/chopaconline-20">http://www.amazon.com/exec/obidos/ASIN/0139181032/chopaconline-20</a>
856 40 - ELECTRONIC LOCATION AND ACCESS
Materials specified Amazon customer reviews
Uniform Resource Identifier <a href="http://www.chopac.org/cgi-bin/tools/azrev.pl?q=0139181032">http://www.chopac.org/cgi-bin/tools/azrev.pl?q=0139181032</a>
942 ## - ADDED ENTRY ELEMENTS (KOHA)
Institution code [OBSOLETE] NBS
Koha item type Book
Call number prefix 658.5 TAY
Source of classification or shelving scheme
Holdings
Withdrawn status Lost status Source of classification or shelving scheme Damaged status Not for loan Permanent Location Current Location Date acquired Total Checkouts Total Renewals Full call number Barcode Checked out Date last seen Date last checked out Price effective from Koha item type
          Central Library (CL) Central Library (CL) 08/28/2013 7 2 658 TAY NBS4914 05/01/2026 01/30/2026 01/30/2026 08/28/2013 Book
© 2023 Central Library, National University of Sciences and Technology. All Rights Reserved.